01573nam a2200373 a 4500001001000000003000500010005001700015008004100032010001100073011001100084040000900095090001000104100004100114245017000155260004000325500006000365502008200425590002800507590002400535590002800559590002800587590002700615650004300642650004300685650005700728856001600785856007000801901000700871942001500878942001100893999001900904952013600923952014001059000109024CHAP20220902133023.0140328s2013 mx a sm |||||||spa d a105486 a106458 cCHAP aTesis1 aContreras Domínguez, Ociel912612710aPropuestas de manejo de los recursos naturales de la comunidad de San José el Chilar, Cuicatlan, Estado de Oaxaca /h[En línea]cpor Ociel Contreras Domínguez. aChapingo, Méx. :bEl autor.c2013 aPara ver el contenido del material haga clic en la liga aTesis (Ing. en Recursos Naturales Renovables) -- UACH. Departamento de Suelos aBATCH-UPDb05c20141002 aBATCHb00c20181121 aE11695DGDb10c20141006 aE11695DGDb10c20141103 aE5652GLJb05c2014032814aDesarrollo sustentablezOaxaca.93210614aMedio ambientexPreservación.97410514aRecursos naturalesxAdministraciónzOaxaca.995182 a1 n0001688 aFinding aiduhttp://10.13.5.2/tesis/sist109024.pdfzTeclea aquí aBK cTESIS2ddc n02ddc c105486d105486 00104054718TESISaBCbBCd2014-03-28fTESISl0oTesisp33724002382025r2019-12-31 00:00:00w2019-12-31yTESISzRecien adquirido 00102local4053708TESISaBCbBCcPA_TESISd2014-03-28fTESISl0oTesisp33724002382066r2019-12-31 00:00:00tc.2w2019-12-31yTESIS